恋のマイアヒ 空耳 - Statistics

General Stats
  • This quiz has been taken 18 times
  • The average score is 10 of 38
Answer Stats
歌詞 % Correct
のまのまイェイ
67%
のまのまイェイ
67%
のまのまイェイ
67%
のまのまイェイ
67%
のまのまイェイ
67%
のまのまイェイ
67%
のまのまのまイェイ
60%
のまのまのまイェイ
60%
のまのまのまイェイ
60%
すげえ うん
33%
キス すごい肉
27%
米さ米酒か
27%
米さ米酒か
27%
キス すごい肉
27%
米さ米酒か
27%
ペンチラ
20%
ピカソ 簒奪ビーフ
20%
ピカソ 簒奪ビーフ
20%
字べろ ゆびーらまくましてー
13%
キープだ牛 あずかりDAY
13%
キープだ牛 あずかりDAY
13%
キープだ牛 あずかりDAY
13%
マイアヒー マイアフーマイアホー マイアハッハー
13%
マイアヒー マイアフーマイアホー マイアハッハー
13%
マイアヒー マイアフーマイアホー マイアハッハー
13%
マイアヒー マイアフーマイアホー マイアハッハー
13%
すげえ うん 入る?
7%
脱線してんの さらに肉
7%
脱税してんの さらに肉
7%
並 フェイス DE 大きい笛入れ
7%
並 フェイス DE 大きい笛入れ
7%
並 フェイス DE 大きい笛入れ
7%
ハロー? 猿ー?
0%
あっロン! ああロン
0%
ベスー 節分ー
0%
ジェシー あ 食う
0%
あと 指輪
0%
マック・ピエール ペンチラ
0%
No matching quizzes found
Score Distribution
Percent of People with Each Score
Percentile by Number Answered
Your Score History
You have not taken this quiz